000 00620nam a2200181Ia 4500
003 GCL
008 140319s9999 xx 000 0 ara d
040 _aGCL /
_cGCL
082 0 4 _aق
_b953.0738
_bم ا
100 1 _aمحمد بن عبيدالله ،المسبحى
245 1 0 _aاخبار مصر فى سنتين (414 - 415 هـ) /
_cمحمد بن عبيدالله ،المسبحى
700 1 _aميلورد , وليم
260 _aالقاهرة :
_bالهيئة المصرية العامة للكتاب ،
_c1980
300 _a308 ص ؛
_c28 سم
650 0 4 _aمصر
650 0 4 _aتاريخ
942 _2ddc
_cBK
999 _c57771
_d57771